[Event "GEO World Cup Final U08"]
[Site "Batumi"]
[Date "2024.07.01"]
[Round "1"]
[White "Berishvili, Alexandre"]
[Black "Lin, Zhean"]
[Result "1-0"]
[WhiteElo "1471"]
[BlackElo "1507"]
[PlyCount "141"]
[EventDate "2024.07.01"]
[EventType "match"]
[EventRounds "5"]
[EventCountry "GEO"]
[SourceTitle "EXT 2025"]
[Source "ChessBase"]
[SourceDate "2024.10.14"]
[SourceVersion "1"]
[SourceVersionDate "2024.10.14"]
[SourceQuality "1"]

1. e4 e5 2. Nc3 Nf6 3. g3 Bc5 4. Bg2 0-0 5. Nge2 Nc6 6. 0-0 d6 7. Na4 Bb6 8. Nxb6 axb6 9. h3 Re8 10. d3 Bd7 11. f4 exf4 12. gxf4 Qe7 13. Kh2 h6 14. b3 Rad8 15. Bb2 Bc8 16. Qe1 Kh7 17. Qf2 Rg8 18. e5 dxe5 19. Bxc6 bxc6 20. fxe5 Nd5 21. Qxf7 Qxf7 22. Rxf7 Be6 23. Rf2 Rgf8 24. Raf1 Rxf2+ 25. Rxf2 Nb4 26. Nd4 Bd5 27. a3 c5 28. Nf5 Nc6 29. Ne3 Be6 30. Ng2 g5 31. Rf6 Bd7 32. e6 Be8 33. Ne3 Nd4 34. Nf5 Nxf5 35. Rxf5 Bg6 36. Re5 Re8 37. Kg3 Kg8 38. a4 Kf8 39. Re1 Ke7 40. Be5 Rc8 41. Bc3 c6 42. Rf1 Rf8 43. Rxf8 Kxf8 44. h4 Bf5 45. hxg5 hxg5 46. Be5 Bxe6 47. Bc7 b5 48. axb5 cxb5 49. Bd6+ Ke8 50. Bxc5 Kd7 51. Kf2 Kc6 52. Be3 g4 53. Ke2 Kd5 54. Kd2 Kc6 55. Kc3 g3 56. Kd4 Bd5 57. b4 g2 58. Bg1 Bf3 59. c4 bxc4 60. dxc4 Be2 61. b5+ Kb7 62. Kc5 Bf1 63. Kb4 Bd3 64. c5 Bf1 65. c6+ Kc7 66. Kc5 Bd3 67. b6+ Kc8 68. b7+ Kb8 69. Bh2+ Ka7 70. b8Q+ Ka6 71. Qb6# 1-0

[Event "GEO World Cup-B U08"]
[Site "Batumi"]
[Date "2024.06.27"]
[Round "5"]
[White "Lin, Zhean"]
[Black "Enkhmandal, Bayaraa"]
[Result "0-1"]
[WhiteElo "1507"]
[BlackElo "1592"]
[PlyCount "74"]
[EventDate "2024.06.23"]
[EventType "swiss"]
[EventRounds "7"]
[EventCountry "GEO"]
[SourceTitle "EXT 2025"]
[Source "ChessBase"]
[SourceDate "2024.10.14"]
[SourceVersion "1"]
[SourceVersionDate "2024.10.14"]
[SourceQuality "1"]

1. e4 c5 2. Nc3 e6 3. g3 Nc6 4. Bg2 Nf6 5. Nge2 Be7 6. d3 0-0 7. 0-0 a6 8. h3 Qc7 9. Be3 b6 10. d4 cxd4 11. Nxd4 Bb7 12. Re1 Rad8 13. Nxc6 dxc6 14. Qe2 c5 15. Rad1 b5 16. a3 Qb8 17. Rxd8 Rxd8 18. Rd1 Qa8 19. Rxd8+ Qxd8 20. Qd3 Qa8 21. Kh2 b4 22. Na4 bxa3 23. Qxa3 Nxe4 24. Nb6 Qd8 25. Bxe4 Bxe4 26. Bxc5 Qd1 27. g4 Bh4 28. f3 Bxf3 29. Qxf3 Qxf3 30. Bd6 Qf2+ 31. Kh1 Qxb6 32. Bf4 Qf2 33. Bb8 Qf1+ 34. Kh2 Bf2 35. h4 Bg1+ 36. Kh1 Ba7+ 37. Kh2 Bxb8# 0-1